| 000 | 01213nam a22002897a 4500 | ||
|---|---|---|---|
| 999 |
_c375 _d375 |
||
| 003 | AR-BaISA | ||
| 005 | 20190307112120.0 | ||
| 007 | ta | ||
| 008 | 171220s2017 ag ad||| |||| 00| 0 spa d | ||
| 020 | _a9789870299967 | ||
| 040 | _cAR-BaISA | ||
| 082 | 0 | 4 |
_222 _a362.106 8 C173 |
| 245 | 0 | 0 |
_aAgencias de evaluación de tecnologías sanitarias: _bconstruyendo el camino / _cJoaquín Caporale, [et al.] |
| 300 |
_a191 p.: _bil., graf. |
||
| 504 | _aBibliografía al final de cada capítulo | ||
| 505 |
_tLa evaluación de tecnologías sanitarias -- _tExperiencias en evaluación de tecnologías sanitarias -- _tEvaluación de tecnologías sanitarias en Latinoamérica -- _tEvaluación en dispositivos médicos |
||
| 650 | 1 | 4 |
_9927 _aEvaluación de las tecnologías en salud |
| 650 | 1 | 4 |
_9927 _aEvaluación de las tecnologías en salud _vAmérica Latina _xestudio de casos |
| 650 | 1 | 4 |
_9928 _aDispositivos médicos _vestudio de evaluación |
| 700 | 1 |
_9929 _aGilardino, Ramiro _eaut. |
|
| 700 | 1 |
_9930 _aMeza, Virginia _eaut. |
|
| 700 | 1 |
_9931 _aCaporale, Joaquín _eaut. |
|
| 700 | 1 |
_9933 _aNajún Dubos, Lucas _eaut. |
|
| 700 | 1 |
_9934 _aPeirano, Isabel |
|
| 700 | 1 |
_9935 _aQuiñones, Víctor Hugo |
|
| 942 |
_2ddc _cLI |
||